| 000 | 00920cam a2200265 a 4500 | ||
|---|---|---|---|
| 001 | 4033779 | ||
| 003 | GBCCL | ||
| 005 | 20241126110415.0 | ||
| 008 | 980429s1998 ilu b 000 0 eng | ||
| 010 | _a 98024160 | ||
| 020 | _a0842318631 (pbk. : alk. paper) | ||
| 040 |
_aDLC _cDLC _dDLC |
||
| 050 | 0 | 0 |
_aBV4597.53.L43 _bW55 1998 |
| 082 | 0 | 0 |
_a253 _221 _bWIL |
| 100 | 1 |
_aWilkes, C. Gene. _94180 |
|
| 245 | 1 | 0 |
_aJesus on leadership / _cC. Gene Wilkes. |
| 260 |
_aWheaton, Ill. : _bTyndale House Publishers, _cc1998. |
||
| 300 |
_axiii, 251 p. ; _c21 cm. |
||
| 504 | _aIncludes bibliographical references (p. 247-250). | ||
| 600 | 0 | 0 |
_aJesus Christ _xLeadership. _94181 |
| 650 | 0 |
_aLeadership _xReligious aspects _xChristianity. _93091 |
|
| 906 |
_a7 _bcbc _corignew _d1 _eocip _f19 _gy-gencatlg |
||
| 942 |
_2ddc _cBK _013 |
||
| 999 |
_c2033 _d2033 |
||